Το όνειρο του Φαραώ
Αποθηκεύτηκε σε:
| Κύριος συγγραφέας: | |
|---|---|
| Μορφή: | Βιβλίο |
| Γλώσσα: | Greek French |
| Δημοσίευση: |
Αθήνα :
Σύγχρονοι ορίζοντες,
c2000.
|
| Θέματα: | |
| Ετικέτες: |
Προσθήκη ετικέτας
Δεν υπάρχουν, Καταχωρήστε ετικέτα πρώτοι!
|
MARC
| LEADER | 00000cam a2200000 i 4500 | ||
|---|---|---|---|
| 001 | 1/2567 | ||
| 008 | 091217s2000 gr | ||| |||| ||gre|| | ||
| 020 | |a 9607984722 | ||
| 035 | |l 10106064 | ||
| 040 | |a GR-MY-UA |b gre |e aacr | ||
| 041 | 1 | |a gre |h fre | |
| 082 | 0 | |a 843 |2 (22) | |
| 100 | 1 | |a Combescot, Pierre. | |
| 245 | 1 | 3 | |a Το όνειρο του Φαραώ / |c Πιέρ Κομπεσκό ; μετάφραση Ρένα Χατχούτ. |
| 260 | |a Αθήνα : |b Σύγχρονοι ορίζοντες, |c c2000. | ||
| 300 | |a 428 σ. ; |c 21 εκ. | ||
| 500 | |a Τίτλος πρωτοτύπου: Le songe du Pharaon | ||
| 650 | 0 | 0 | |a French fiction. |
| 852 | |a INST |b SAMOS |e 20091217 |h 843 COM |p 005300031050 |q 005300031050 |t BK |y 0 | ||
| 901 | |a BIBL3-2009-3 | ||
| 909 | |a Σ |b 158354 | ||
| 970 | |a ΡΟΥΣΣΟΥ |b ΚΩΝΣΤΑΝΤΙΝΑ |z 2009/09/17 | ||